ATLAS OF ORAL DIAGNOSIS IMAGING (Record no. 4690)

MARC details
000 -LEADER
fixed length control field 00339nam a2200145Ia 4500
008 - FIXED-LENGTH DATA ELEMENTS--GENERAL INFORMATION
fixed length control field 150201s1998 xx 000 0 und d
082 ## - DEWEY DECIMAL CLASSIFICATION NUMBER
Classification number 616.57
Item number A1998H
100 ## - MAIN ENTRY--PERSONAL NAME
Personal name HIGASHI
245 ## - TITLE STATEMENT
Title ATLAS OF ORAL DIAGNOSIS IMAGING
250 ## - EDITION STATEMENT
Edition statement 1ST
260 ## - PUBLICATION, DISTRIBUTION, ETC. (IMPRINT)
Name of publisher, distributor, etc. AIPD
Place of publication, distribution, etc. DELHI
Date of publication, distribution, etc. 1998
300 ## - PHYSICAL DESCRIPTION
Extent 1-270
650 ## - SUBJECT ADDED ENTRY--TOPICAL TERM
Topical term or geographic name as entry element ORAL MEDICINE
942 ## - ADDED ENTRY ELEMENTS (KOHA)
Source of classification or shelving scheme Dewey Decimal Classification
Koha item type Books
Holdings
Withdrawn status Lost status Source of classification or shelving scheme Damaged status Not for loan Home library Current library Date acquired Source of acquisition Cost, normal purchase price Serial Enumeration / chronology SGTU Bill Number Total Checkouts Full call number Barcode Date last seen Bill Date Koha item type
    Dewey Decimal Classification     SGT Dental Library SGT Dental Library 11/11/2011 U.B.S.DELHI 395.00 1 SGTU 514   616.57 A1998H FD6583 09/02/2015 08/06/2013 Books
    Dewey Decimal Classification     SGT Dental Library SGT Dental Library 11/11/2011 U.B.S.DELHI 395.00 1 SGTU 514   616.57 A1998H FD6584 09/02/2015 08/06/2013 Books
    Dewey Decimal Classification     SGT Dental Library SGT Dental Library 11/11/2011 U.B.S.DELHI 395.00 1 SGTU 514   616.57 A1998H FD6585 09/02/2015 08/06/2013 Books